TB OF FRACTURES AND DILOCATIONS (Record no. 666)
[ view plain ]
| 000 -LEADER | |
|---|---|
| fixed length control field | 00322nam a2200133Ia 4500 |
| 008 - FIXED-LENGTH DATA ELEMENTS--GENERAL INFORMATION | |
| fixed length control field | 150201s2005 xx 000 0 und d |
| 082 ## - DEWEY DECIMAL CLASSIFICATION NUMBER | |
| Classification number | 616.3 |
| Item number | F05M |
| 100 ## - MAIN ENTRY--PERSONAL NAME | |
| Personal name | MALTHOTRA,RAJESH |
| 245 ## - TITLE STATEMENT | |
| Title | TB OF FRACTURES AND DILOCATIONS |
| 250 ## - EDITION STATEMENT | |
| Edition statement | 1ST |
| 260 ## - PUBLICATION, DISTRIBUTION, ETC. (IMPRINT) | |
| Name of publisher, distributor, etc. | PEEPEE |
| Place of publication, distribution, etc. | DELHI |
| Date of publication, distribution, etc. | 2005 |
| 650 ## - SUBJECT ADDED ENTRY--TOPICAL TERM | |
| Topical term or geographic name as entry element | ORTHOPAEDICS |
| 942 ## - ADDED ENTRY ELEMENTS (KOHA) | |
| Source of classification or shelving scheme | Dewey Decimal Classification |
| Koha item type | Books |
| Withdrawn status | Lost status | Source of classification or shelving scheme | Damaged status | Not for loan | Collection code | Home library | Current library | Shelving location | Date acquired | Source of acquisition | Cost, normal purchase price | SGTU | Total Checkouts | Full call number | Barcode | Date last seen | Date last checked out | Bill Date | Koha item type |
|---|---|---|---|---|---|---|---|---|---|---|---|---|---|---|---|---|---|---|---|
| Dewey Decimal Classification | MEDICAL | SGT Medical Library | SGT Medical Library | Text Book | 26/02/2010 | U.B.S. DELHI | 175.00 | SGTU | 1 | 616.3 F05M | FM3040 | 22/03/2017 | 22/03/2017 | 26/02/2010 | Books | ||||
| Dewey Decimal Classification | MEDICAL | SGT Medical Library | SGT Medical Library | Text Book | 26/02/2010 | U.B.S. DELHI | 175.00 | SGTU | 1 | 616.3 F05M | FM3041 | 11/09/2017 | 11/08/2017 | 26/02/2010 | Books | ||||
| Dewey Decimal Classification | MEDICAL | SGT Medical Library | SGT Medical Library | Text Book | 26/02/2010 | U.B.S. DELHI | 175.00 | SGTU | 1 | 616.3 F05M | FM3042 | 12/05/2018 | 28/04/2018 | 26/02/2010 | Books | ||||
| Dewey Decimal Classification | MEDICAL | SGT Medical Library | SGT Medical Library | Text Book | 26/02/2010 | U.B.S. DELHI | 175.00 | SGTU | 616.3 F05M | FM3043 | 09/02/2015 | 26/02/2010 | Books | ||||||
| Dewey Decimal Classification | MEDICAL | SGT Medical Library | SGT Medical Library | Text Book | 26/02/2010 | U.B.S. DELHI | 175.00 | SGTU | 1 | 616.3 F05M | FM3044 | 05/09/2017 | 30/08/2017 | 26/02/2010 | Books |